| 000 | 00514pab a2200181 454500 | ||
|---|---|---|---|
| 008 | 180718b2002 xxu||||| |||| 00| 0 eng d | ||
| 100 | _aPlace, Frank | ||
| 245 | _aLand tenure systems and their impact on agricultural investments and productivity in Uganda | ||
| 260 | _c2002 | ||
| 300 | _ap.105-28. | ||
| 362 | _aAug | ||
| 650 | _aAgriculture - Uganda | ||
| 650 | _aLand tenure - Uganda | ||
| 650 | _aLand tenure | ||
| 700 | _aOtsuka, Keijiro | ||
| 773 | _aJournal of Development Studies | ||
| 909 | _a53681 | ||
| 999 |
_c53681 _d53681 |
||